000 01144nam a22002177a 4500
003 OSt
005 20170509144921.0
008 150407b xxu||||| |||| 00| 0 eng d
040 _cCRI
082 _a371.264
100 _941225
_aPaz Martínez, Erika Lisseth
245 1 0 _aPrograma de refuerzo académico en matemática para estudiantes de tercer ciclo de educación básica en el centro escolar Rubén Darío Velásquez, del municipio de Pasaquina, Departamento de la Unión
_b: Proyecto
_cErika Lisseth Paz Martínez, Cesar Alexánder Villegas Martínez, Erick Alfredo Alfaro Velásquez
260 _aIlobasco (Cabañas)
_bUniversidad Católica de El Salvador
_c2016
300 _a100 p.
_c27 cm
_e+ 1 disco compacto
502 _aTrabajo de graduación para optar al grado académico de Licenciado/a en Ciencias de la Educación Especialidad en Matemática
650 0 _910427
_aRendimiento académico
700 _941226
_aVillegas Martínez, Cesar Alexánder
700 _941227
_aAlfaro Velásquez, Erick Alfredo
710 _940915
_aUniversidad Católica de El Salvador
_bCentro Regional de Ilobasco
942 _2ddc
_cTG
_hprozim
999 _c27683
_d27683